000 01513nam a2200385Ia 4500
001 dia_5259
003 CHAP
005 20240625183026.0
007 ta
008 220117s2013 mx abdof 001 0 spa d
040 _amxchpua
_cCHAP
090 _aT.C.610
_bV55 SAI
_c2013
245 1 0 _aSistema agroindustrial Leche-Quesillo de Etla, Oaxaca /
_ccoordinador Abraham Villegas de Gante ; colaboradores Jonathan Almaro Vilchis...[y otros]
260 _aMéxico :
_bEl autor,
_c2013
300 _a121 hojas :
_bilustraciones, tablas, gráficas, mapas, fotos
336 _2rdacontent
_atexto
_btxt
337 _2rdamedia
_ano mediado
_bn
338 _2rdacarrier
_avolumen
_bnc
500 _aGrado: 6 año Grupo: 03
502 _aViaje de estudios
_b(SAI) --
_cUACh. Departamento de Ingeniería Agroindustrial,
_d2013
504 _aBibliografía: hojas 112-113
650 1 3 _aIndustria lechera
_9158022
_zMéxico
_zOaxaca
650 1 0 _aIndustria quesera
_zMéxico
_zOaxaca
_9154007
650 1 0 _aCheese industry
_zMexico
_zOaxaca
_9154005
650 1 3 _aDairy industry
_9158021
_zMexico
_zOaxaca
700 1 _aVillegas de Gante, Abraham Zacarias
_9185141
_ecoordinadores
700 1 _aAlmaro Vilchis, Jonathan
_9129936
_ecolaboradores
856 4 2 _uhttp://10.13.5.2/ve/TC610SAI/TC610SAI2013-REPORTE.pdf
_yDESCARGAR REPORTE
901 _aT.C.610 V55 SAI 2013
902 _aM
905 _a5232272013 mx imn 8223223322spa16
942 _2local
942 _cVE
999 _c176168
_d176168